House adaptability for sustainable change (Record no. 33915)

MARC details
000 -LEADER
fixed length control field 01110cab a2200289 4500
001 - CONTROL NUMBER
control field ABS50810
008 - FIXED-LENGTH DATA ELEMENTS--GENERAL INFORMATION
fixed length control field 090401t1994 xxu||||| |||| 00| 0 eng d
035 ## - SYSTEM CONTROL NUMBER
System control number (Sirsi) u55507
041 ## - LANGUAGE CODE
Language code of text/sound track or separate title eng
100 ## - MAIN ENTRY--PERSONAL NAME
Personal name Hooper, A.
245 ## - TITLE STATEMENT
Title House adaptability for sustainable change
260 ## - PUBLICATION, DISTRIBUTION, ETC.
Date of publication, distribution, etc. 1994
350 ## - PRICE (NR) (BK AM CF MU VM SE) [OBSOLETE]
Price 0
490 ## - SERIES STATEMENT
Series statement Town & Country Planning
Volume/sequential designation 63(5) May 1994, 142-144(3)
520 ## - SUMMARY, ETC.
Summary, etc. Looks at the ways in which people seek to adapt their domestic environment and points to the need for a radical re-appraisal of the scope and purpose of the planning of residential areas, in terms of both sustainable development and meeting residents` needs. Also discusses problems and looks at planning control problems, providing some solutions as well as implications for the future.
650 ## - SUBJECT ADDED ENTRY--TOPICAL TERM
Topical term or geographic name entry element ESSEX DESIGN GUIDE
650 ## - SUBJECT ADDED ENTRY--TOPICAL TERM
Topical term or geographic name entry element NEW HOMES MARKETING BOARD
650 ## - SUBJECT ADDED ENTRY--TOPICAL TERM
Topical term or geographic name entry element PLANNING CONTROL
650 ## - SUBJECT ADDED ENTRY--TOPICAL TERM
Topical term or geographic name entry element PPG1
650 ## - SUBJECT ADDED ENTRY--TOPICAL TERM
Topical term or geographic name entry element PPG3
650 ## - SUBJECT ADDED ENTRY--TOPICAL TERM
Topical term or geographic name entry element RESIDENTIAL AREAS
650 ## - SUBJECT ADDED ENTRY--TOPICAL TERM
Topical term or geographic name entry element SUBURBAN AREAS
690 ## - LOCAL SUBJECT ADDED ENTRY--TOPICAL TERM (OCLC, RLIN)
Topical term or geographic name as entry element Refurbishment
9 (RLIN) 6264
690 ## - LOCAL SUBJECT ADDED ENTRY--TOPICAL TERM (OCLC, RLIN)
Topical term or geographic name as entry element HOUSING-DEVELOPMENT
942 ## - ADDED ENTRY ELEMENTS (KOHA)
Suppress in OPAC 0
948 ## - LOCAL PROCESSING INFORMATION (OCLC); SERIES PART DESIGNATOR (RLIN)
c (OCLC) 04/03/1997
Holdings
Withdrawn status Lost status Source of classification or shelving scheme Damaged status Not for loan Home library Current library Shelving location Date acquired Total Checkouts Full call number Barcode Date last seen Copy number Price effective from Koha item type
    Dewey Decimal Classification     London London Journal article 14/09/1999   ABS50810 55507-1001 06/08/2019 1 06/08/2019 Journal article